Esquema de desarrollo urbano de Managua
| Main Author: | |
|---|---|
| Format: | Section = Libro |
| Language: | Undetermined Spanish |
| Published: |
Managua
Alcaldía de Managua
1988
|
| Subjects: |
| LEADER | 00482nam a2200169Ia 4500 | ||
|---|---|---|---|
| 008 | 240829s9999 xx 000 0 und d | ||
| 040 | |a BIBLIOTECA-RUSB/ Ref 711 A347 | ||
| 041 | |a spa | ||
| 082 | |a Ref 711 A347 | ||
| 100 | 1 | |a Nicaragua. Alcaldía de Managua | |
| 245 | 1 | 0 | |a Esquema de desarrollo urbano de Managua |
| 260 | |a Managua |b Alcaldía de Managua |c 1988 | ||
| 300 | |a p. irreg. :il. | ||
| 650 | 7 | |a URBANISMO - PERMISO DE CONSTRUCCION | |
| 942 | |c BK |2 ddc | ||
| 991 | |a TEXTO | ||
| 999 | |c 6406 | ||